Κατάλογος Βιβλιοθηκών Mediterranean College

Ανώτερα μαθηματικά / (Record no. 9897)

MARC details
000 -LEADER
fixed length control field 00986nam a22002417a 4500
005 - ΗΜΕΡΟΜΗΝΙΑ ΚΑΙ ΩΡΑ ΤΕΛΕΥΤΑΙΑΣ ΕΝΗΜΕΡΩΣΗΣ
Πεδίο ελέγχου 20250827111256.0
006 - FIXED-LENGTH DATA ELEMENTS--ADDITIONAL MATERIAL CHARACTERISTICS
Πεδίο ελέγχου σταθερού μήκους a|||||r|||||||||||
008 - FIXED-LENGTH DATA ELEMENTS--GENERAL INFORMATION
Πεδίο ελέγχου σταθερού μήκους s2012||||gr ||||f ||| 001 gre d
020 ## - ISBN
ISBN 9789608249707
040 ## - ΠΗΓΗ ΚΑΤΑΛΟΓΟΓΡΑΦΗΣΗΣ
Φορέας πρωτότυπης καταλογογράφησης MC Athens Campus Library
Γλώσσα καταλογογράφησης Ελληνικά, Μοντέρνα (1453-)
Modifying agency MC Athens Campus Library
Κανόνες περιγραφικής καταλογογράφησης AACR2
100 ## - MAIN ENTRY--PERSONAL NAME
Personal name Κατερίνης, Παναγιώτης
Σχέση Συγγραφέας
9 (RLIN) 10027
245 10 - ΤΙΤΛΟΣ ΚΑΙ ΔΗΛΩΣΗ ΥΠΕΥΘΥΝΟΤΗΤΑΣ
Τίτλος Ανώτερα μαθηματικά /
Statement of responsibility, etc. Π. Κατερίνης, Η. Φλυτζάνης
250 ## - EDITION STATEMENT
Edition statement 1η έκδ.
260 ## - PUBLICATION, DISTRIBUTION, ETC.
Place of publication, distribution, etc. Αθήνα :
Name of publisher, distributor, etc. Εκδόσεις Γ. Μπένου,
Date of publication, distribution, etc. 2012
300 ## - PHYSICAL DESCRIPTION
Extent 1047 σ. ;
Διαστάσεις 24 εκ.
500 ## - GENERAL NOTE
Γενική σημείωση Περιέχει ευρετήριο.
505 0# - FORMATTED CONTENTS NOTE
Formatted contents note Μαθηματικός λογισμός, Γραμμική Άλγεβα, Γραμμική Δυναμική, Εφαρμογές στα οικονομικά
650 00 - SUBJECT ADDED ENTRY--TOPICAL TERM
Topical term or geographic name entry element Μαθηματικά
Form subdivision Διδακτικά βιβλία
9 (RLIN) 10026
653 ## - INDEX TERM--UNCONTROLLED
Μη ελεγχόμενοι όροι Μηχανικών
700 1# - ΠΡΟΣΘΕΤΗ ΑΝΑΓΡΑΦΗ--ΦΥΣΙΚΟ ΠΡΟΣΩΠΟ
Personal name Φλυτζάνης, Ηλίας Γ.
Σχέση Συγγραφέας
9 (RLIN) 5990
942 ## - ADDED ENTRY ELEMENTS (KOHA)
Koha item type Books
Holdings
Τύπος τεκμηρίου Βιβλιοθήκη Τρέχουσα τοποθεσία Barcode Αριθμός εισαγωγής Ημερομηνία απόκτησης Ταξιθετικό σύμβολο Αριθμός αντιτύπου Κατάσταση απόσυρσης Κατάσταση χαμένου Κατάσταση κατεστραμμένου Μη δανεισμός Σύνολο δανεισμών Ημερομηνία τελευταίας εμφάνισης Η τιμή ισχύει από
Books MC Athens Campus Library MC Athens Campus Library 9780000098665 8148 27/08/2025 510 ΚΑΤ 1           27/08/2025 27/08/2025

MC Athens Campus Library
Πατησίων 94 & Κοδριγκτώνος 13, 104 34
Πελλήνης 8 & Πατησίων 107, 112 51
Τ: +30 210 8899600

MC Thessaloniki Campus Library
Ίωνος Δραγούμη 21, 54625 | Ίωνος Δραγούμη 15, 54625
Τ: +30 2310 287779 – Τ: +30 2314 440300